00256 a2200109 4500001000700000020000600007040001100013100003800024240004000062245003500102362000900137166994 a  cMagnum aGomes, Icleia Rodrigues de Lima e10aA escola como espaco de prazerlpor10aA escola como espaco de prazer0 a1899